[Event "34e Open International d'Ã©checs d'Avoin"]
[Site "Avoine, France"]
[Date "2019.07.22"]
[Round "3.8"]
[White "Demuth, Adrien"]
[Black "Merenciano, Alexandre"]
[Result "1-0"]
[WhiteElo "2502"]
[BlackElo "2198"]
[PlyCount "79"]
[EventDate "2019.??.??"]
[TimeControl "1"]

1. Nf3 {[%emt 0:00:00]} Nf6 {[%emt 0:16:01]} 2. c4 {[%emt 0:01:07]} e6 {
[%emt 0:00:32]} 3. Nc3 {[%emt 0:02:33]} d5 {[%emt 0:02:53]} 4. e3 {
[%emt 0:00:06]} Be7 {[%emt 0:02:20]} 5. b3 {[%emt 0:00:10]} O-O {[%emt 0:01:58]
} 6. Bb2 {[%emt 0:00:04]} b6 {[%emt 0:01:38]} 7. g3 {[%emt 0:00:54]} Bb7 {
[%emt 0:08:04]} 8. Bg2 {[%emt 0:00:17]} c5 {[%emt 0:03:27]} 9. O-O {
[%emt 0:01:32]} Nc6 {[%emt 0:00:00]} 10. cxd5 {[%emt 0:00:50]} Nxd5 {
[%emt 0:01:18]} 11. Nxd5 {[%emt 0:00:00]} exd5 {[%emt 0:06:12]} 12. d4 {
[%emt 0:00:28]} Bf6 {[%emt 0:08:03]} 13. Qd2 {[%emt 0:02:01]} Ba6 {
[%emt 0:11:03]} 14. Rfd1 {[%emt 0:13:07]} c4 {[%emt 0:04:00]} 15. Ne5 {
[%emt 0:07:29]} Rc8 {[%emt 0:08:27]} 16. bxc4 {[%emt 0:03:31]} Bxc4 {
[%emt 0:00:44]} 17. Nxc4 {[%emt 0:17:34]} dxc4 {[%emt 0:00:05]} 18. Rac1 {
[%emt 0:00:47]} b5 {[%emt 0:02:12]} 19. e4 {[%emt 0:00:37]} Bg5 {[%emt 0:03:00]
} 20. f4 {[%emt 0:04:17]} Be7 {[%emt 0:00:04]} 21. Bh3 {[%emt 0:04:52]} Rb8 {
[%emt 0:02:35]} 22. Bf1 {[%emt 0:20:10]} Qa5 {[%emt 0:05:30]} 23. Qxa5 {
[%emt 0:07:48]} Nxa5 {[%emt 0:00:05]} 24. d5 {[%emt 0:00:03]} Bc5+ {
[%emt 0:01:57]} 25. Kg2 {[%emt 0:00:55]} Rfc8 {[%emt 0:01:33]} 26. d6 {
[%emt 0:02:46]} Be3 {[%emt 0:02:35]} 27. Rc2 {[%emt 0:02:41]} Nc6 {
[%emt 0:01:44]} 28. a3 {[%emt 0:00:00]} a5 {[%emt 0:01:47]} 29. Kf3 {
[%emt 0:01:02]} Bc5 {[%emt 0:00:40]} 30. Rd5 {[%emt 0:02:37]} Nd8 {
[%emt 0:00:12]} 31. e5 {[%emt 0:02:05]} a4 {[%emt 0:00:00]} 32. Bh3 {
[%emt 0:00:32]} Ne6 {[%emt 0:00:47]} 33. d7 {[%emt 0:02:09]} Rd8 {
[%emt 0:00:28]} 34. Bxe6 {[%emt 0:00:07]} Bxa3 {[%emt 0:00:06]} 35. Bxf7+ {
[%emt 0:02:25]} Kxf7 {[%emt 0:00:05]} 36. Bxa3 {[%emt 0:00:03]} b4 {
[%emt 0:00:00]} 37. Rxc4 {[%emt 0:00:39]} bxa3 {[%emt 0:00:09]} 38. Rxa4 {
[%emt 0:00:00]} Rb3+ {[%emt 0:00:17]} 39. Kg4 {[%emt 0:00:57]} Ke7 {
[%emt 0:00:36]} 40. Ra7 {[%emt 0:02:04]} 1-0

[Event "34e Open International d'échecs d'Avoin"]
[Site "Avoine, France"]
[Date "2019.07.22"]
[Round "3.9"]
[White "Bouvet, Florian"]
[Black "Bailet, Pierre"]
[Result "1/2-1/2"]
[WhiteElo "2200"]
[BlackElo "2494"]
[PlyCount "126"]
[EventDate "2019.??.??"]
[TimeControl "1"]

1. e4 {[%emt 0:02:22]} e5 {[%emt 0:04:12]} 2. Nf3 {[%emt 0:01:29]} Nc6 {
[%emt 0:02:18]} 3. Bb5 {[%emt 0:00:14]} a6 {[%emt 0:00:39]} 4. Ba4 {
[%emt 0:00:31]} Nf6 {[%emt 0:01:03]} 5. O-O {[%emt 0:01:02]} Be7 {
[%emt 0:00:52]} 6. Re1 {[%emt 0:00:08]} b5 {[%emt 0:01:19]} 7. Bb3 {
[%emt 0:00:10]} d6 {[%emt 0:00:14]} 8. c3 {[%emt 0:00:07]} O-O {[%emt 0:00:11]}
9. h3 {[%emt 0:00:08]} Nb8 {[%emt 0:01:50]} 10. d4 {[%emt 0:00:35]} Nbd7 {
[%emt 0:00:10]} 11. Nbd2 {[%emt 0:00:00]} Bb7 {[%emt 0:00:32]} 12. Bc2 {
[%emt 0:00:16]} Re8 {[%emt 0:00:29]} 13. Nf1 {[%emt 0:00:18]} Bf8 {
[%emt 0:00:23]} 14. Ng3 {[%emt 0:00:06]} g6 {[%emt 0:00:00]} 15. a4 {
[%emt 0:03:54]} c5 {[%emt 0:03:34]} 16. b3 {[%emt 0:14:18]} d5 {[%emt 0:15:04]}
17. dxe5 {[%emt 0:25:32]} dxe4 {[%emt 0:10:44]} 18. Nxe4 {[%emt 0:06:21]} Nxe4
{[%emt 0:03:05]} 19. Bxe4 {[%emt 0:00:07]} Bxe4 {[%emt 0:00:00]} 20. Rxe4 {
[%emt 0:00:12]} Nxe5 {[%emt 0:01:09]} 21. Bf4 {[%emt 0:04:00]} Qxd1+ {
[%emt 0:03:14]} 22. Rxd1 {[%emt 0:00:08]} Red8 {[%emt 0:09:56]} 23. Rxd8 {
[%emt 0:10:46]} Nxf3+ {[%emt 0:00:23]} 24. gxf3 {[%emt 0:00:04]} Rxd8 {
[%emt 0:00:08]} 25. c4 {[%emt 0:13:20]} bxa4 {[%emt 0:17:31]} 26. bxa4 {
[%emt 0:00:06]} h6 {[%emt 0:07:59]} 27. Kg2 {[%emt 0:01:50]} g5 {[%emt 0:03:42]
} 28. Bc7 {[%emt 0:05:27]} Rc8 {[%emt 0:09:19]} 29. Bb6 {[%emt 0:03:00]} Bd6 {
[%emt 0:00:49]} 30. h4 {[%emt 0:04:07]} gxh4 {[%emt 0:01:18]} 31. Rxh4 {
[%emt 0:00:00]} Rc6 {[%emt 0:01:31]} 32. a5 {[%emt 0:01:13]} Be5 {
[%emt 0:00:17]} 33. Re4 {[%emt 0:05:04]} Bd4 {[%emt 0:06:32]} 34. Re8+ {
[%emt 0:01:46]} Kg7 {[%emt 0:00:00]} 35. Ra8 {[%emt 0:02:01]} Rg6+ {
[%emt 0:02:25]} 36. Kh1 {[%emt 0:01:12]} Rf6 {[%emt 0:01:49]} 37. Kg2 {
[%emt 0:01:23]} Rg6+ {[%emt 0:01:09]} 38. Kh1 {[%emt 0:00:04]} Rf6 {
[%emt 0:00:14]} 39. Rxa6 {[%emt 0:02:23]} Rxf3 {[%emt 0:00:00]} 40. Ra8 {
[%emt 0:00:41]} Rb3 {[%emt 0:00:02]} 41. Rb8 {[%emt 0:04:29]} Ra3 {
[%emt 0:00:52]} 42. Ra8 {[%emt 0:02:16]} Rb3 {[%emt 0:01:28]} 43. Bc7 {
[%emt 0:11:10]} Bxf2 {[%emt 0:22:44]} 44. Kg2 {[%emt 0:02:49]} Rb7 {
[%emt 0:04:00]} 45. Be5+ {[%emt 0:04:15]} f6 {[%emt 0:00:25]} 46. a6 {
[%emt 0:00:55]} Rb6 {[%emt 0:08:56]} 47. Bc7 {[%emt 0:04:01]} Rb2 {
[%emt 0:00:48]} 48. a7 {[%emt 0:00:00]} Bd4+ {[%emt 0:01:35]} 49. Kh3 {
[%emt 0:02:11]} Ra2 {[%emt 0:00:24]} 50. Bb6 {[%emt 0:01:04]} h5 {
[%emt 0:04:18]} 51. Kg3 {[%emt 0:03:53]} Ra3+ {[%emt 0:02:20]} 52. Kg2 {
[%emt 0:04:55]} Ra2+ {[%emt 0:02:03]} 53. Kf3 {[%emt 0:01:00]} Ra3+ {
[%emt 0:00:45]} 54. Kg2 {[%emt 0:04:49]} Ra2+ {[%emt 0:01:17]} 55. Kg3 {
[%emt 0:00:53]} Kh6 {[%emt 0:00:02]} 56. Kh4 Kg6 {[%emt 0:00:15]} 57. Rh8 {
[%emt 0:00:06]} Kf7 {[%emt 0:00:12]} 58. Ra8 {[%emt 0:00:07]} Kg7 59. Kh3 {
[%emt 0:00:38]} Ra3+ {[%emt 0:00:19]} 60. Kg2 {[%emt 0:00:01]} Ra2+ {
[%emt 0:00:00]} 61. Kf3 {[%emt 0:00:03]} Ra3+ {[%emt 0:00:02]} 62. Kg2 {
[%emt 0:00:37]} Ra2+ 63. Kh3 Be5 {Kg2 Bd4+ [%emt 00:00:02] Kf3 [%emt 00:00:04]
Ra3+ Ke2 [%emt 00:00:04] h4 Kd3 [%emt 00:00:31] [%emt 0:00:06] [%emt 0:00:03]}
1/2-1/2

[Event "34e Open International d'Ã©checs d'Avoin"]
[Site "Avoine, France"]
[Date "2019.07.22"]
[Round "3.10"]
[White "Abergel, Thal"]
[Black "Pottier, Simeon"]
[Result "1-0"]
[WhiteElo "2450"]
[BlackElo "2192"]
[PlyCount "59"]
[EventDate "2019.??.??"]
[TimeControl "1"]

1. Nf3 {[%emt 0:00:03]} Nf6 {[%emt 0:16:01]} 2. c4 {[%emt 0:02:43]} c5 {
[%emt 0:00:26]} 3. g3 {[%emt 0:00:26]} g6 {[%emt 0:00:05]} 4. b3 {
[%emt 0:00:07]} Bg7 {[%emt 0:00:34]} 5. Bb2 {[%emt 0:00:05]} O-O {
[%emt 0:01:03]} 6. Bg2 {[%emt 0:00:00]} Nc6 {[%emt 0:04:27]} 7. O-O {
[%emt 0:00:14]} d6 {[%emt 0:13:18]} 8. d4 {[%emt 0:00:16]} cxd4 {[%emt 0:00:42]
} 9. Nxd4 {[%emt 0:00:06]} Bd7 {[%emt 0:00:00]} 10. Nc2 {[%emt 0:00:22]} Qc8 {
[%emt 0:02:37]} 11. Re1 {[%emt 0:00:56]} Bh3 {[%emt 0:02:03]} 12. Bh1 {
[%emt 0:00:20]} a6 {[%emt 0:04:07]} 13. Nc3 {[%emt 0:03:08]} Rb8 {
[%emt 0:02:08]} 14. Ne3 {[%emt 0:09:38]} b5 {[%emt 0:03:00]} 15. cxb5 {
[%emt 0:01:14]} axb5 {[%emt 0:01:45]} 16. Rc1 {[%emt 0:00:14]} Bd7 {
[%emt 0:07:51]} 17. Qd2 {[%emt 0:05:41]} Qa6 {[%emt 0:06:56]} 18. Ncd5 {
[%emt 0:05:47]} Nxd5 {[%emt 0:00:45]} 19. Bxg7 {[%emt 0:00:29]} Kxg7 {
[%emt 0:00:00]} 20. Nxd5 {[%emt 0:00:07]} Qa7 {[%emt 0:05:08]} 21. h4 {
[%emt 0:03:47]} Rfc8 {[%emt 0:07:25]} 22. Red1 {[%emt 0:05:39]} Be8 {
[%emt 0:04:13]} 23. h5 {[%emt 0:06:14]} f6 {[%emt 0:03:41]} 24. h6+ {
[%emt 0:01:43]} Kh8 {[%emt 0:03:00]} 25. Nxf6 {[%emt 0:05:07]} Ne5 {
[%emt 0:10:29]} 26. Qf4 {[%emt 0:04:19]} Bf7 {[%emt 0:01:05]} 27. Rxc8+ {
[%emt 0:03:34]} Rxc8 {[%emt 0:00:05]} 28. Ng4 {[%emt 0:00:41]} g5 {
[%emt 0:02:50]} 29. Qxg5 {[%emt 0:00:42]} Rg8 {[%emt 0:00:00]} 30. Nxe5 {
[%emt 0:00:09]} 1-0

[Event "34ème Open International d'Avoine"]
[Site "AVOINE"]
[Date "2019.07.20"]
[Round "3.11"]
[White "Burri, Quentin"]
[Black "Roux, Baptiste"]
[Result "1-0"]
[WhiteElo "2422"]
[BlackElo "2056"]
[PlyCount "139"]
[EventDate "2019.??.??"]
[WhiteTeam "Mulhouse Philidor"]
[BlackTeam "Corsica Chess Club"]

1. e4 c5 2. Nf3 e6 3. d4 cxd4 4. Nxd4 Nf6 5. Nc3 Nc6 6. a3 Qc7 7. Be3 a6 8. f4
d6 9. Be2 Bd7 10. O-O Be7 11. Qe1 O-O 12. Kh1 Rfd8 13. Bd3 Na5 14. Nb3 Nxb3 15.
cxb3 b5 16. Bd4 Bc6 17. Qg3 Ne8 18. f5 e5 19. Be3 Qb7 20. Bh6 Bf6 21. Rae1 Kh8
22. Bc1 Nc7 23. h4 d5 24. Bg5 d4 25. Nd1 Ne8 26. Bxf6 gxf6 27. Qf3 Nd6 28. g4
Rg8 29. Rg1 Qd7 30. Kh2 Rg7 31. Rg3 Rag8 32. Nf2 Nb7 33. Reg1 Nc5 34. g5 Nxd3
35. Nxd3 Qd6 36. Nf2 fxg5 37. hxg5 f6 38. g6 Rc7 39. Ng4 hxg6 40. Nh6 g5 41.
Qh5 Qe7 42. Nxg8+ Kxg8 43. Rxg5+ fxg5 44. Rxg5+ Qxg5 45. Qxg5+ Rg7 46. Qd8+ Kh7
47. Qf6 Bb7 48. Qxe5 d3 49. Qd4 d2 50. Qxd2 Bxe4 51. Qf4 Bb7 52. f6 Rf7 53. Qg5
Bc8 54. Kg3 Be6 55. Kf4 Bxb3 56. Qh4+ Kg6 57. Qg3+ Kxf6 58. Qxb3 Ke7+ 59. Ke5
Rf6 60. Qh3 Rb6 61. Qc8 Rh6 62. Qc7+ Ke8 63. Kd5 Rg6 64. Kc5 Re6 65. Kb4 Re4+
66. Ka5 Rc4 67. Qe5+ Kd7 68. Kxa6 Kc8 69. Kxb5 Rc7 70. Qxc7+ {
1-0 (70) Burri,Q (2422)-Roux,B (2056) AVOINE 2019} 1-0

[Event "34ème Open International d'Avoine"]
[Site "AVOINE"]
[Date "2019.07.20"]
[Round "3.12"]
[White "Weibel, Theo"]
[Black "Mullon, Jean-Baptiste"]
[Result "0-1"]
[WhiteElo "2049"]
[BlackElo "2378"]
[PlyCount "40"]
[EventDate "2019.??.??"]
[WhiteTeam "Echiquier Club Le Mans"]
[BlackTeam "Echiquier Agenais"]

1. e4 c5 2. Nf3 d6 3. d4 cxd4 4. Nxd4 Nf6 5. Nc3 a6 6. Nb3 e6 7. g4 h6 8. Be3
Qc7 9. f3 Nbd7 10. Qd2 Ne5 11. Be2 b5 12. h4 Rb8 13. Nd4 b4 14. Nd1 d5 15. exd5
Nxd5 16. Bf2 Bb7 17. Rg1 Rd8 18. Ne3 Nf4 19. Rg3 Nc6 20. Ng2 Nxe2 {
0-1 (20) Weibel,T (2049)-Mullon,J (2378) AVOINE 2019} 0-1

[Event "34ème Open International d'Avoine"]
[Site "AVOINE"]
[Date "2019.07.20"]
[Round "3.13"]
[White "Lebret, Jean-Michel"]
[Black "Deslandes, Pascal"]
[Result "0-1"]
[WhiteElo "1996"]
[BlackElo "2341"]
[PlyCount "68"]
[EventDate "2019.??.??"]
[WhiteTeam "Lille Université Club Echiquier du Nord"]
[BlackTeam "Club d'Echecs du Vesinet"]

1. e4 e6 2. d4 d5 3. e5 c5 4. c3 Nc6 5. Nf3 Bd7 6. Be2 f6 7. O-O fxe5 8. dxe5
Qc7 9. Bf4 Nh6 10. Bd3 O-O-O 11. Re1 Be7 12. a4 Rdf8 13. Qd2 c4 14. Bc2 Nf5 15.
Na3 a6 16. b4 cxb3 17. Bxb3 Na5 18. Bxd5 g5 19. Nxg5 Bxg5 20. Bxg5 exd5 21. e6
Bc6 22. Bf4 Nb3 23. Bxc7 Nxd2 24. Bf4 Nb3 25. Rad1 Rhg8 26. Bg3 Rg4 27. Nc2 a5
28. Re5 Nxg3 29. hxg3 Rxa4 30. Ne3 Re4 31. Rh5 Rxe6 32. Rxh7 a4 33. Rb1 d4 34.
cxd4 Be4 {0-1 (34) Lebret,J (1996)-Deslandes,P (2341) AVOINE 2019} 0-1

[Event "34ème Open International d'Avoine"]
[Site "AVOINE"]
[Date "2019.07.20"]
[Round "3.14"]
[White "Gao, Etienne"]
[Black "Dupont, Arthur"]
[Result "1-0"]
[WhiteElo "2306"]
[BlackElo "1985"]
[PlyCount "59"]
[EventDate "2019.??.??"]
[WhiteTeam "Echiquier Club Le Mans"]
[BlackTeam "La Tour Basilienne"]

1. e4 d6 2. d4 g6 3. Nc3 Bg7 4. Be3 c6 5. f3 b5 6. Qd2 Nd7 7. g4 Nb6 8. b3 Bb7
9. h4 h5 10. g5 e6 11. Nge2 Ne7 12. Rc1 O-O 13. Bh3 Qc7 14. O-O a6 15. Ng3 c5
16. Nce2 cxd4 17. Nxd4 d5 18. Qf2 Nd7 19. Rfd1 Nc6 20. exd5 Nxd4 21. Bxd4 Bxd5
22. Bxg7 Kxg7 23. f4 Rfd8 24. f5 Ne5 25. fxg6 Nf3+ 26. Kh1 Nxg5+ 27. Bg2 Nh3
28. Nxh5+ Kxg6 29. Qf6+ Kxh5 30. Rxd5+ {
1-0 (30) Gao,E (2306)-Dupont,A (1985) AVOINE 2019} 1-0

[Event "34ème Open International d'Avoine"]
[Site "AVOINE"]
[Date "2019.07.20"]
[Round "3.15"]
[White "Bouget, Alexandre"]
[Black "Fruteau, Sabine"]
[Result "1-0"]
[WhiteElo "2275"]
[BlackElo "1979"]
[PlyCount "77"]
[EventDate "2019.??.??"]
[WhiteTeam "Echiquier Guingampais"]
[BlackTeam "Orcher la Tour"]

1. d4 Nf6 2. c4 g6 3. Nc3 Bg7 4. e4 d6 5. Be2 O-O 6. Nf3 e5 7. O-O Nbd7 8. Be3
Ng4 9. Bg5 f6 10. Bd2 Nh6 11. d5 Nf7 12. Qc2 a5 13. a3 c5 14. dxc6 bxc6 15. b4
Bh6 16. Rad1 Bxd2 17. Rxd2 axb4 18. axb4 Qb6 19. Rb1 Qa7 20. h4 Rd8 21. h5 Nf8
22. Nh4 Qe7 23. b5 Bb7 24. Qd3 f5 25. hxg6 hxg6 26. Qg3 Ra3 27. Nxg6 Nxg6 28.
Qxg6+ Kf8 29. exf5 Qg5 30. Ne4 Qxg6 31. fxg6 cxb5 32. Ng3 Ng5 33. Rxb5 Ba6 34.
Rxe5 Ra1+ 35. Kh2 dxe5 36. Rxd8+ Kg7 37. Rd6 Ra2 38. Nf5+ Kg8 39. Rd8# {
1-0 (39) Bouget,A (2275)-Fruteau,S (1979) AVOINE 2019} 1-0

[Event "34ème Open International d'Avoine"]
[Site "AVOINE"]
[Date "2019.07.20"]
[Round "3.16"]
[White "Dupont, Victor"]
[Black "Bonn, Thomas"]
[Result "0-1"]
[WhiteElo "1984"]
[BlackElo "2272"]
[PlyCount "104"]
[EventDate "2019.??.??"]
[WhiteTeam "La Tour Basilienne"]
[BlackTeam "Poitiers-Migne Echecs"]

1. d4 d5 2. c4 c6 3. Nc3 Nf6 4. Nf3 a6 5. cxd5 cxd5 6. Bf4 Nh5 7. Bd2 Nc6 8.
Qb3 e6 9. g3 f5 10. Bg2 Nf6 11. O-O Be7 12. Rac1 Na5 13. Qc2 Nc4 14. Bf4 Bd7
15. Ne5 Rc8 16. Nxc4 Rxc4 17. Qd2 O-O 18. b3 Rc8 19. Na4 Bxa4 20. bxa4 Qd7 21.
Qb2 b5 22. axb5 axb5 23. Rb1 b4 24. Rfc1 Rc4 25. Bd2 Rfc8 26. Rxc4 Rxc4 27. e3
Ne4 28. Bxe4 fxe4 29. Qb3 Qc6 30. Kg2 Bf8 31. f3 exf3+ 32. Kxf3 Bd6 33. Ke2 Be7
34. Rb2 Bf8 35. Qd3 Qe8 36. Kf2 Qh5 37. Kg2 Qd1 38. e4 Qa1 39. Qb3 Rxd4 40.
exd5 exd5 41. Be3 Rc4 42. Rf2 Qe5 43. Qd1 Re4 44. Qf3 Qe8 45. Bc1 Bc5 46. Rc2
Bd4 47. Qd3 Qe6 48. Qb5 h5 49. Bg5 h4 50. h3 Re1 51. Qb8+ Kh7 52. Qf4 Rg1+ {
0-1 (52) Dupont,V (1984)-Bonn,T (2272) AVOINE 2019} 0-1

[Event "34ème Open International d'Avoine"]
[Site "AVOINE"]
[Date "2019.07.20"]
[Round "3.17"]
[White "Iglesias, Joachim"]
[Black "Mauffrey, Victor"]
[Result "1-0"]
[WhiteElo "2258"]
[BlackElo "1936"]
[PlyCount "67"]
[EventDate "2019.??.??"]
[WhiteTeam "Vandoeuvre-Echecs"]
[BlackTeam "l'Echiquier de La Ville Montreuil"]

1. Nf3 Nf6 2. c4 g6 3. b4 Bg7 4. Bb2 O-O 5. g3 d6 6. Bg2 e5 7. d3 Re8 8. O-O
Nh5 9. Nc3 f5 10. Nd2 c6 11. b5 Nf6 12. a4 d5 13. a5 e4 14. a6 d4 15. axb7 Bxb7
16. Na4 e3 17. Nc5 Qe7 18. Nxb7 Qxb7 19. fxe3 Ng4 20. Bxd4 Bxd4 21. exd4 Ne3
22. Qb3 Nxg2 23. Kxg2 Rxe2+ 24. Rf2 cxb5+ 25. Nf3 Rxf2+ 26. Kxf2 b4 27. c5+ Kg7
28. Re1 Nc6 29. d5 Ne7 30. d6 Nc6 31. Qd5 Qa6 32. Nd4 Nxd4 33. Qxd4+ Kh6 34.
Qh4+ {1-0 (34) Iglesias,J (2258)-Mauffrey,V (1936) AVOINE 2019} 1-0

[Event "34ème Open International d'Avoine"]
[Site "AVOINE"]
[Date "2019.07.20"]
[Round "3.18"]
[White "Primel, Dominique"]
[Black "Malassagne, Raphael"]
[Result "0-1"]
[WhiteElo "1916"]
[BlackElo "2252"]
[PlyCount "38"]
[EventDate "2019.??.??"]
[WhiteTeam "Club d'Echecs de Sautron"]
[BlackTeam "Cergy Pontoise Echecs"]

1. Nf3 Nf6 2. c4 e6 3. g3 a6 4. Bg2 b5 5. O-O bxc4 6. Qa4 Bb7 7. Qxc4 c5 8. d4
Bd5 9. Qa4 Bc6 10. Qc2 cxd4 11. Nxd4 Bxg2 12. Kxg2 Be7 13. Bf4 O-O 14. Qc7 Qxc7
15. Bxc7 Rc8 16. Ba5 Nc6 17. Nxc6 Rxc6 18. Nc3 Rb8 19. Rab1 Rc5 {
0-1 (19) Primel,D (1916)-Malassagne,R (2252) AVOINE 2019} 0-1

[Event "34ème Open International d'Avoine"]
[Site "AVOINE"]
[Date "2019.07.20"]
[Round "3.19"]
[White "Budak, Rezan"]
[Black "Defromont, Benjamin"]
[Result "0-1"]
[WhiteElo "1844"]
[BlackElo "2245"]
[PlyCount "54"]
[EventDate "2019.??.??"]
[WhiteTeam "LEC Echiquier Limousin"]
[BlackTeam "Cannes Echecs"]

1. e4 e6 2. d4 d5 3. exd5 exd5 4. c4 Nf6 5. Nc3 Be7 6. Qb3 dxc4 7. Bxc4 O-O 8.
Nf3 Nc6 9. Be2 Nxd4 10. Nxd4 Qxd4 11. Be3 Qb4 12. O-O Be6 13. Qc2 Rfd8 14. Rfd1
c6 15. h3 h6 16. Bd3 Nd5 17. Bd2 Nxc3 18. Bxc3 Qf4 19. Re1 Rd7 20. Bh7+ Kh8 21.
Rxe6 fxe6 22. Bxg7+ Kxg7 23. Qg6+ Kh8 24. Qxe6 Rad8 25. Re1 Kxh7 26. g3 Qf6 27.
Qe4+ Kh8 {0-1 (27) Budak,R (1844)-Defromont,B (2245) AVOINE 2019} 0-1

[Event "34ème Open International d'Avoine"]
[Site "AVOINE"]
[Date "2019.07.20"]
[Round "3.20"]
[White "Thorel, Gregoire"]
[Black "Msellek, Ilyass"]
[Result "0-1"]
[WhiteElo "1834"]
[BlackElo "2237"]
[PlyCount "57"]
[EventDate "2019.??.??"]
[WhiteTeam "Club d'Echecs d'Avoine"]
[BlackTeam "Tremblay en France"]

1. b3 a5 2. a3 Nf6 3. Bb2 d5 4. e3 Bf5 5. Nf3 e6 6. h3 h6 7. Be2 Nbd7 8. d3 Bd6
9. Nd4 Bh7 10. f4 c6 11. Qd2 e5 12. Nf3 Qc7 13. fxe5 Nxe5 14. Nc3 Nxf3+ 15.
Bxf3 Bg3+ 16. Kd1 O-O 17. Ne2 Be5 18. Kc1 Rfe8 19. Re1 c5 20. Nc3 Bg3 21. Re2
d4 22. Nd1 a4 23. Kb1 axb3 24. exd4 c4 25. Ne3 bxc2+ 26. Nxc2 cxd3 27. Rxe8+
Rxe8 28. Nb4 Re2 29. Bc3 {0-1 (29) Thorel,G (1834)-Msellek,I (2237) AVOINE 2019
} 0-1

[Event "34ème Open International d'Avoine"]
[Site "AVOINE"]
[Date "2019.07.20"]
[Round "3.21"]
[White "Le Roc'H, Daniel"]
[Black "Ollier, Milan"]
[Result "0-1"]
[WhiteElo "1653"]
[BlackElo "2227"]
[PlyCount "116"]
[EventDate "2019.??.??"]
[WhiteTeam "Club d'Echecs de Val d'Isere"]
[BlackTeam "Echiquier Médocain"]

1. d4 Nf6 2. c4 g6 3. Nc3 d5 4. Bg5 Bg7 5. e3 c6 6. Nf3 O-O 7. Bd3 dxc4 8. Bxc4
Nbd7 9. O-O Qa5 10. Qe2 e5 11. dxe5 Nxe5 12. Nxe5 Qxe5 13. Bf4 Qe7 14. Rad1 Ne4
15. Nxe4 Qxe4 16. Rd2 Be6 17. Bxe6 Qxe6 18. b3 Rfd8 19. Rfd1 Qe7 20. Rd3 h5 21.
R1d2 Rxd3 22. Qxd3 Bf6 23. Qd7 Qa3 24. Qd6 Qxd6 25. Rxd6 Rd8 26. Kf1 Be7 27.
Rxd8+ Bxd8 28. e4 Kf8 29. Bh6+ Ke8 30. f4 Kd7 31. Ke2 c5 32. Kd3 Kc6 33. h3 h4
34. a4 b5 35. Bf8 a6 36. Kc3 Bf6+ 37. Kd3 Bd8 38. Kc3 Bc7 39. Bh6 Ba5+ 40. Kd3
Bb4 41. Bg5 Be1 42. Bf6 Bg3 43. Bg5 c4+ 44. bxc4 bxa4 45. f5 gxf5 46. exf5 Be5
47. Be7 a5 48. Kc2 Bg3 49. Kb2 Bf2 50. Kc3 Be1+ 51. Kb2 Bg3 52. Bd8 Kc5 53. Ka3
Kxc4 54. Kxa4 Be1 55. Bxh4 Bxh4 56. g4 Bd8 57. h4 Bxh4 58. Kxa5 f6 {
0-1 (58) Le Roc'H,D (1653)-Ollier,M (2227) AVOINE 2019} 0-1

[Event "34ème Open International d'Avoine"]
[Site "AVOINE"]
[Date "2019.07.20"]
[Round "3.22"]
[White "Lejarre, Ludovic"]
[Black "Flachet, Thierry"]
[Result "1-0"]
[WhiteElo "2345"]
[BlackElo "2043"]
[PlyCount "82"]
[EventDate "2019.??.??"]
[WhiteTeam "Rennes Paul Bert"]
[BlackTeam "Cercle d'échecs des Sables d'Olonne"]

1. e4 e6 2. d3 d5 3. Nd2 Nf6 4. Ngf3 c5 5. g3 b6 6. Bg2 Bb7 7. O-O Be7 8. Re1
Nc6 9. c3 Qc7 10. a3 a5 11. a4 Ba6 12. exd5 Nxd5 13. Nb3 Rd8 14. d4 O-O 15. Qc2
cxd4 16. Nbxd4 Nxd4 17. Nxd4 Bf6 18. Nb5 Bxb5 19. axb5 Nb4 20. Qe4 Nd3 21. Rf1
Nxc1 22. Rfxc1 Rd5 23. Qe2 Re5 24. Qf1 Qc5 25. Bc6 Rf5 26. Rc2 h5 27. Ra4 Rd8
28. Rc4 Qd6 29. Re2 Re5 30. Rd4 Qc7 31. Red2 Rxd4 32. cxd4 Rg5 33. f4 Rg6 34.
Be4 Rg4 35. Kg2 Qe7 36. h3 Rg6 37. Bxg6 fxg6 38. Qc4 Qd6 39. Re2 Kf7 40. Qc6
Qd5+ 41. Qxd5 exd5 {1-0 (41) Lejarre,L (2345)-Flachet,T (2043) AVOINE 2019} 1-0

[Event "34ème Open International d'Avoine"]
[Site "AVOINE"]
[Date "2019.07.20"]
[Round "3.23"]
[White "Daeschler, Florian"]
[Black "Batteux, Mickael"]
[Result "1/2-1/2"]
[WhiteElo "2334"]
[BlackElo "2042"]
[PlyCount "84"]
[EventDate "2019.??.??"]
[WhiteTeam "Club d'Echecs de Mundolsheim"]
[BlackTeam "Fillé sur Sarthe"]

1. d4 Nf6 2. c4 c5 3. d5 b5 4. cxb5 a6 5. bxa6 g6 6. Nc3 Bxa6 7. Nf3 d6 8. e4
Bxf1 9. Kxf1 Bg7 10. g3 O-O 11. Kg2 Nbd7 12. Qc2 Qb6 13. a4 e6 14. dxe6 fxe6
15. Nb5 Qc6 16. Re1 d5 17. exd5 Nxd5 18. Qe4 Rae8 19. Ra3 N7f6 20. Qe2 e5 21.
Kg1 e4 22. Nh4 Nd7 23. Rd1 Ne5 24. Rxd5 Qxd5 25. Nc7 Qc4 26. Qxc4+ Nxc4 27.
Nxe8 Bd4 28. Rb3 Rxe8 29. Ng2 Ra8 30. Bh6 Nxb2 31. Nf4 Nd3 32. Nxd3 exd3 33.
Rxd3 Rxa4 34. Kg2 Ra2 35. Rf3 Bg7 36. Bxg7 Kxg7 37. Rc3 Ra5 38. Kf3 Kf6 39. Ke4
Ke6 40. Rc4 Ra2 41. Rxc5 Rxf2 42. h4 h5 {
1/2-1/2 (42) Daeschler,F (2334) -Batteux,M (2042) AVOINE 2019} 1/2-1/2

[Event "34ème Open International d'Avoine"]
[Site "AVOINE"]
[Date "2019.07.20"]
[Round "3.24"]
[White "Maupin, Valerie"]
[Black "Hautot, Stephane"]
[Result "0-1"]
[WhiteElo "2036"]
[BlackElo "2328"]
[PlyCount "60"]
[EventDate "2019.??.??"]
[WhiteTeam "C.E.de St Just Les Tours Infernales"]
[BlackTeam "Club d'Echecs Metz Fischer"]

1. d4 d5 2. c4 e6 3. Nc3 Nf6 4. Bg5 c6 5. e3 Nbd7 6. Nf3 Qa5 7. cxd5 exd5 8.
Bd3 Ne4 9. Qc2 Nxg5 10. Nxg5 h6 11. Nf3 Bd6 12. O-O Nf6 13. Rfe1 O-O 14. a3 Qc7
15. Rac1 a6 16. h3 Be6 17. Na4 a5 18. Nc5 Bc8 19. Na4 Re8 20. Qb3 Rb8 21. Nb6
Be6 22. Bb1 Ne4 23. Na4 Qe7 24. Re2 Qf6 25. Nd2 Qg5 26. f4 Nxd2 27. Rxd2 Qg3
28. f5 Bxf5 29. Bxf5 Rxe3 30. Qd1 Rbe8 {
0-1 (30) Maupin,V (2036)-Hautot,S (2328) AVOINE 2019} 0-1

[Event "34ème Open International d'Avoine"]
[Site "AVOINE"]
[Date "2019.07.20"]
[Round "3.25"]
[White "Kavciyan, Yega"]
[Black "Viel, Simon"]
[Result "1-0"]
[WhiteElo "2033"]
[BlackElo "2301"]
[PlyCount "65"]
[EventDate "2019.??.??"]
[WhiteTeam "l'Echiquier de La Ville Montreuil"]
[BlackTeam "Echecs Plus de Cherbourg-Octeville"]

1. e4 e6 2. d3 d5 3. Nd2 c5 4. Ngf3 Nc6 5. g3 Bd6 6. Bg2 Nge7 7. O-O O-O 8. Re1
Qc7 9. c3 Bd7 10. a3 b5 11. d4 cxd4 12. cxd4 dxe4 13. Nxe4 Nd5 14. Qd3 h6 15.
Nxd6 Qxd6 16. Qxb5 Nxd4 17. Qd3 Nxf3+ 18. Bxf3 Bc6 19. b4 Rfd8 20. b5 Be8 21.
Bb2 Rac8 22. Rac1 Nb6 23. Qxd6 Rxd6 24. Rxc8 Nxc8 25. a4 Nb6 26. Rd1 Rxd1+ 27.
Bxd1 f6 28. Bb3 Kf7 29. Bd4 Ke7 30. Bc5+ Kf7 31. a5 Nc8 32. Bc4 f5 33. b6 {
1-0 (33) Kavciyan,Y (2033)-Viel,S (2301) AVOINE 2019} 1-0